00376nam a22001217a 4500003000200000005001700002082001900019100003600038245005300074260007700127300000800204650004200212020260412130646.0 aH 423.9412 GLO aDepartment of higher education  aGlossary of administrative terms : hindi-english aNew DelhibCommission for Scientific & Technical Terminology, MHRDc2017 a605 aAdministrative terms: English- Hindi